[Event "OLNN 2324 Preetzer TSV - TV Fischbek"]
[Site "?"]
[Date "2024.03.17"]
[Round "7.5"]
[White "Schneider, Alexander"]
[Black "Willsch, Matthias"]
[Result "0-1"]
[WhiteElo "2100"]
[BlackElo "2119"]
[PlyCount "90"]
[EventDate "2024.??.??"]

1. c4 e6 2. Nc3 d5 3. d4 c5 4. cxd5 cxd4 5. Qa4+ Bd7 6. Qxd4 exd5 7. Qxd5 Nf6 8. Qd1 Bc5 9. e3 O-O 10. Nf3 Nc6 11. Be2 Qe7 12. O-O Rfd8 13. Bd2 a6 14. Qb1 Bg4 15. Rd1 g6 16. Be1 Nb4 17. e4 Nc6 18. h3 Bxf3 19. Rxd8+ Rxd8 20. Bxf3 Nd4 21. Bd1 Re8 22. Bc2 Qe5 23. Bd3 Bd6 24. g3 b5 25. Kg2 b4 26. f4 Qh5 27. Qd1 bxc3 28. Bxc3 Bc5 29. g4 Qh6 30. b4 Bb6 31. Qg1 Rd8 32. g5 Qh4 33. Rf1 Ne2 34. Be1 Bxg1 35. Bxh4 Rxd3 36. gxf6 Bb6 37. Bg5 Kf8 38. e5 Nd4 39. Rc1 Rd2+ 40. Kf1 Rc2 41. Rxc2 Nxc2 42. Ke2 Nxb4 43. a4 Ke8 44. Bh6 Kd7 45. Kf3 Ke6 0-1

[Event "OLNN 2324 Preetzer TSV - TV Fischbek"]
[Site "?"]
[Date "2024.03.17"]
[Round "7.6"]
[White "Schwarzat, Julian"]
[Black "Serrer, David"]
[Result "1/2-1/2"]
[WhiteElo "2138"]
[BlackElo "1922"]
[PlyCount "116"]
[EventDate "2024.??.??"]

1. e4 e5 2. Nf3 Nc6 3. Bc4 Nf6 4. d3 Bc5 5. c3 O-O 6. Bb3 d6 7. h3 Be6 8. Bc2 h6 9. Nbd2 a5 10. Nf1 d5 11. Qe2 d4 12. Ng3 b5 13. O-O a4 14. a3 Qd6 15. Nh4 Ne7 16. Qf3 Nh7 17. Nhf5 Nxf5 18. Nxf5 Bxf5 19. exf5 Nf6 20. g4 Qd5 21. Kg2 Bb6 22. h4 Qxf3+ 23. Kxf3 Rfd8 24. Re1 e4+ 25. Kg3 dxc3 26. dxe4 cxb2 27. Bxb2 Rd2 28. Rec1 Bxf2+ 29. Kh3 Bd4 30. Bxd4 Rxd4 31. Rab1 Nxe4 32. Bxe4 Rxe4 33. Rxb5 Re3+ 34. Kg2 Rb3 35. Rxb3 axb3 36. Rxc7 Rxa3 37. Rc8+ Kh7 38. Rb8 g5 39. fxg6+ Kxg6 40. Rb6+ Kg7 41. Kf3 b2+ 42. Kf4 Ra2 43. Kf5 Ra5+ 44. Kf4 Ra4+ 45. Kf5 Ra2 46. Rb8 Ra5+ 47. Kf4 Ra2 48. Kf5 Ra5+ 49. Kf4 Ra4+ 50. Kf5 Ra2 51. h5 Ra5+ 52. Kf4 Ra4+ 53. Kf5 Ra2 54. Ke5 Ra4 55. Kf5 Ra2 56. Ke5 Ra5+ 57. Kf4 Ra4+ 58. Kf5 Ra2 1/2-1/2

[Event "OLNN 2324 Preetzer TSV - TV Fischbek"]
[Site "?"]
[Date "2024.03.17"]
[Round "7.8"]
[White "Kornrumpf, Joachim"]
[Black "Sural, Ceren"]
[Result "1-0"]
[WhiteElo "1996"]
[BlackElo "1798"]
[PlyCount "127"]
[EventDate "2024.??.??"]

1. b3 d5 2. e3 Nf6 3. Bb2 Bf5 4. Nf3 e6 5. Be2 Nbd7 6. O-O Bd6 7. c4 c6 8. d4 Ne4 9. Nbd2 O-O 10. Ne5 f6 11. Nxd7 Qxd7 12. c5 Bc7 13. f3 Nxd2 14. Qxd2 Rae8 15. Rad1 Bb8 16. Rfe1 Qc7 17. g3 Bg6 18. Bf1 h5 19. Qf2 Kf7 20. e4 Rh8 21. Bc1 h4 22. g4 b6 23. b4 Qd7 24. Bd3 Bh7 25. Kh1 bxc5 26. bxc5 Qc7 27. Be3 g5 28. Rb1 Re7 29. Rb2 Bg6 30. Reb1 dxe4 31. fxe4 Kg7 32. Kg1 e5 33. dxe5 fxe5 34. Bxg5 Rf7 35. Qe2 Rhf8 36. Bxh4 a5 37. Bc4 Rd7 38. Be6 Ba7 39. Qc2 Qd6 40. Bf5 Qxc5+ 41. Bf2 Qxf2+ 42. Qxf2 Bxf2+ 43. Kxf2 Bxf5 44. gxf5 Rfd8 45. Rb7 Kf6 46. Rxd7 Rxd7 47. Ke3 Rh7 48. Rg1 Rxh2 49. Rg6+ Kf7 50. Rxc6 Rxa2 51. Re6 a4 52. Rxe5 a3 53. Ra5 Rh2 54. Kd4 a2 55. Ke5 Rb2 56. Ra7+ Ke8 57. f6 Rb5+ 58. Ke6 Rb6+ 59. Kf5 Rb2 60. e5 Rc2 61. e6 Rf2+ 62. Ke5 Re2+ 63. Kd5 Rd2+ 64. Kc4 1-0

[Event "OLNN 2324 SC Königsspringer HH - SK Dop"]
[Site "?"]
[Date "2024.03.17"]
[Round "7.1"]
[White "Beeck, Mats"]
[Black "Zimmermann, Julian"]
[Result "1-0"]
[WhiteElo "2237"]
[BlackElo "2279"]
[PlyCount "75"]
[EventDate "2024.??.??"]

1. c4 e5 2. Nc3 Nf6 3. Nf3 Nc6 4. g3 d5 5. cxd5 Nxd5 6. Bg2 Nb6 7. O-O Be7 8. a3 a5 9. d3 Be6 10. Be3 Nd5 11. Nxd5 Bxd5 12. Qa4 O-O 13. Rfc1 Qd6 14. Bc5 Qe6 15. Bxe7 Qxe7 16. Qb5 Bxf3 17. Bxf3 Nd4 18. Qxb7 Rab8 19. Qxc7 Qf6 20. Rab1 Rb3 21. Qxa5 Rfb8 22. Rc4 g6 23. Rb4 Nxf3+ 24. exf3 R8xb4 25. axb4 Rxd3 26. b5 Qxf3 27. b6 Qe4 28. Re1 Qd5 29. b4 Kg7 30. Qa1 Rd4 31. b7 Qd6 32. Qxd4 exd4 33. Re8 Qc6 34. b8=Q Qc1+ 35. Kg2 Qc6+ 36. Kh3 Qd7+ 37. g4 h5 38. Qe5+ 1-0

[Event "OLNN 2324 SC Königsspringer HH - SK Dop"]
[Site "?"]
[Date "2024.03.17"]
[Round "7.2"]
[White "Schmidt, Jan-Peter"]
[Black "Hebbinghaus, Holger"]
[Result "1/2-1/2"]
[WhiteElo "2270"]
[BlackElo "2181"]
[PlyCount "73"]
[EventDate "2024.??.??"]

1. c4 e6 2. g3 d5 3. Bg2 Nf6 4. Nf3 dxc4 5. Qa4+ Bd7 6. Qxc4 c5 7. Ne5 Qc8 8. Qd3 Nc6 9. Nxd7 Nxd7 10. b3 Be7 11. Bb2 O-O 12. Nc3 Rd8 13. Rc1 Nf6 14. Qb1 Qd7 15. d3 Rac8 16. O-O b6 17. Rfd1 Ne8 18. e3 Bf6 19. Ne2 Bxb2 20. Qxb2 Nf6 21. a3 Qd6 22. d4 cxd4 23. Nxd4 Nxd4 24. Rxd4 Qe7 25. Rxc8 Rxc8 26. h3 h6 27. b4 Qc7 28. Bf1 Qc3 29. Rd8+ Kh7 30. Qxc3 Rxc3 31. Rd3 Rxd3 32. Bxd3+ Kg8 33. Kf1 Kf8 34. Ke1 Ne8 35. Kd2 e5 36. Kc3 Nd6 37. Bc2 1/2-1/2

[Event "OLNN 2324 SC Königsspringer HH - SK Dop"]
[Site "?"]
[Date "2024.03.17"]
[Round "7.3"]
[White "Callsen, Niklas"]
[Black "Borgmeyer, Max"]
[Result "1/2-1/2"]
[WhiteElo "2201"]
[BlackElo "2212"]
[PlyCount "82"]
[EventDate "2024.??.??"]

1. c4 c5 2. Nf3 Nc6 3. g3 g6 4. Bg2 Bg7 5. Nc3 Nh6 6. a3 a6 7. Rb1 Rb8 8. b4 cxb4 9. axb4 b5 10. cxb5 axb5 11. O-O Nf5 12. Ne1 h5 13. e3 e6 14. Ne4 d5 15. Nc5 Qd6 16. Qb3 h4 17. Bb2 hxg3 18. fxg3 Ne5 19. Nf3 Nxf3+ 20. Rxf3 d4 21. Rbf1 Bd7 22. e4 Nh6 23. d3 O-O 24. Bh3 Rbe8 25. Bc1 Bc6 26. R3f2 Qe7 27. Qb2 Kh7 28. g4 Qh4 29. Rf3 f5 30. gxf5 exf5 31. Qg2 fxe4 32. dxe4 Bxe4 33. Nxe4 Qxe4 34. Bd7 Rxf3 35. Qxf3 Qxf3 36. Rxf3 Re1+ 37. Rf1 Re5 38. Bf4 Rd5 39. Bc6 Rf5 40. Bxh6 Rxf1+ 41. Kxf1 Bxh6 1/2-1/2

[Event "OLNN 2324 SC Königsspringer HH - SK Dop"]
[Site "?"]
[Date "2024.03.17"]
[Round "7.4"]
[White "Skibbe, Willi"]
[Black "Saglam, Buelent"]
[Result "1-0"]
[WhiteElo "2184"]
[BlackElo "2103"]
[PlyCount "56"]
[EventDate "2024.??.??"]

1. d4 e6 2. Nf3 c5 3. e3 d5 4. b3 Nc6 5. Bd3 Nf6 6. O-O Bd7 7. Bb2 Bd6 8. Nbd2 Qc7 9. a3 O-O-O 10. c4 cxd4 11. exd4 Ng4 12. h3 Bh2+ 13. Kh1 h5 14. Qe2 Bf4 15. Rfd1 Bxd2 16. Rxd2 Na5 17. cxd5 exd5 18. Rc2 Bc6 19. Kg1 Nxb3 20. Rb1 Rhe8 21. Qd1 Nh6 22. Rxc6 Qxc6 23. Qxb3 Kb8 24. Bc1 Re6 25. Bf4+ Ka8 26. Rc1 Qe8 27. Rc5 Qe7 28. Rc7 Re1+ 1-0

[Event "OLNN 2324 SC Königsspringer HH - SK Dop"]
[Site "?"]
[Date "2024.03.17"]
[Round "7.5"]
[White "Budzyn, Matthias"]
[Black "Lampe, Joerg"]
[Result "1/2-1/2"]
[WhiteElo "2045"]
[BlackElo "2103"]
[PlyCount "116"]
[EventDate "2024.??.??"]

1. e4 c5 2. Nf3 e6 3. c3 d5 4. e5 Nc6 5. d4 Nge7 6. Na3 cxd4 7. cxd4 Nf5 8. Nc2 Be7 9. Bd3 O-O 10. g4 Nh4 11. Nxh4 Bxh4 12. g5 Bxg5 13. Qh5 h6 14. Rg1 Bxc1 15. Rxc1 f5 16. Ke2 Rf7 17. Qxh6 Kf8 18. Qh8+ Ke7 19. Qh4+ Kd7 20. Qh5 Qf8 21. Bb5 Kc7 22. Nb4 Qxb4 23. Qxf7+ Bd7 24. Bxc6 Qxb2+ 25. Kd3 bxc6 26. Rc2 Qa3+ 27. Rc3 Qa6+ 28. Ke3 Rh8 29. Qe7 Rh3+ 30. Rg3 Qf1 31. Rxh3 Qxh3+ 32. Kd2 Qxh2 33. Qd6+ Kd8 34. Qb8+ Ke7 35. Qd6+ Ke8 36. Rf3 Qg2 37. Ke2 Qg4 38. Qb8+ Ke7 39. Qxa7 g5 40. Qa3+ Ke8 41. Qd3 c5 42. dxc5 Qb4 43. Qc3 Bb5+ 44. Kd2 Qb1 45. Qb3 Qf1 46. a4 Qe2+ 47. Kc1 Bc4 48. Qb8+ Kf7 49. Rc3 Qe1+ 50. Kb2 Qxf2+ 51. Rc2 Qd4+ 52. Rc3 Qxc5 53. Qd6 Qf2+ 54. Rc2 Qd4+ 55. Rc3 Qd2+ 56. Rc2 Qd4+ 57. Rc3 Qd2+ 58. Rc2 Qd4+ 1/2-1/2

[Event "OLNN 2324 SC Königsspringer HH - SK Dop"]
[Site "?"]
[Date "2024.03.17"]
[Round "7.6"]
[White "Langmann, Markus"]
[Black "Luckow, Rolf"]
[Result "1-0"]
[WhiteElo "2056"]
[BlackElo "2185"]
[PlyCount "139"]
[EventDate "2024.??.??"]

1. e4 c5 2. c3 d5 3. exd5 Qxd5 4. d4 Nf6 5. Nf3 Bg4 6. Be2 cxd4 7. cxd4 e6 8. Nc3 Qa5 9. O-O Nc6 10. Re1 Be7 11. h3 Bh5 12. Bf4 O-O 13. Ne5 Nxe5 14. Bxh5 Nc6 15. Bf3 Rad8 16. Be3 Qb4 17. Qb3 Nxd4 18. Bxd4 Rxd4 19. Bxb7 Rb8 20. Bf3 Qd6 21. Nb5 Qc5 22. Nxd4 Rxb3 23. Nxb3 Qb4 24. Red1 a5 25. Rac1 g5 26. Rd4 Qb6 27. Rc6 Qb5 28. Rc7 e5 29. Rd1 Kf8 30. Rc2 a4 31. Bc6 Qb4 32. Nd2 Qd4 33. Rdc1 e4 34. Nf1 g4 35. Rd2 Qa7 36. Ne3 g3 37. Rdc2 Bd6 38. Nf5 gxf2+ 39. Kf1 Qa6+ 40. Kxf2 Bf4 41. Rd1 Qb6+ 42. Kf1 Bc7 43. Rd4 Qa6+ 44. Rdc4 h5 45. Ke2 Kg8 46. Ne7+ Kg7 47. Bxa4 Be5 48. Nf5+ Kg6 49. Ne3 Bf4 50. Bc6 Kg5 51. a4 Qb6 52. Rc5+ Kg6 53. Bxe4+ Kg7 54. Nf5+ Kh7 55. Bd3 Qe6+ 56. Kf3 Qd7 57. Ke2 Qxa4 58. g3 Bb8 59. Rc8 Be5 60. Ne3+ Kg7 61. Kf3 Qb3 62. Nf5+ Kh7 63. Ke2 Qb6 64. Ne3+ Kg7 65. R8c6 Qb8 66. Nf5+ Kh7 67. b3 Ba1 68. R2c4 Qe5+ 69. Kd1 Nd5 70. Rh6+ 1-0

[Event "OLNN 2324 SC Königsspringer HH - SK Dop"]
[Site "?"]
[Date "2024.03.17"]
[Round "7.7"]
[White "Petri, Alexander"]
[Black "Hloskovsky, Andrei"]
[Result "0-1"]
[WhiteElo "2154"]
[BlackElo "2086"]
[PlyCount "140"]
[EventDate "2024.??.??"]

1. d4 Nf6 2. Nf3 d5 3. c4 c6 4. Qc2 Ne4 5. Nbd2 f5 6. g3 e6 7. Bg2 Be7 8. O-O O-O 9. Ne5 b6 10. b3 Bb7 11. Bb2 Nd7 12. Nxd7 Qxd7 13. f3 Nd6 14. e4 f4 15. Bh3 Rae8 16. Rae1 Bg5 17. exd5 cxd5 18. cxd5 Bxd5 19. Ne4 Be7 20. Qd2 Nf5 21. gxf4 a5 22. Rd1 Bb4 23. Bc3 Bxc3 24. Nxc3 Rf6 25. Nxd5 Qxd5 26. Bxf5 Rxf5 27. Rde1 Ref8 28. Re4 g5 29. Re5 Rxe5 30. fxe5 Rf4 31. Qc3 g4 32. Qc8+ Rf8 33. Qc3 Rf4 34. Qc8+ Kg7 35. Qc7+ Kh6 36. Qc3 Rxd4 37. Qe3+ Kg6 38. Rf2 Rd1+ 39. Kg2 Rd4 40. Re2 Rd3 41. Qe4+ Qxe4 42. fxe4 Kg5 43. Rf2 Re3 44. Rf6 Rxe4 45. Rxe6 Re2+ 46. Kg3 b5 47. Re8 h5 48. Rg8+ Kf5 49. Rf8+ Ke6 50. Re8+ Kf7 51. Rh8 Rxe5 52. Kh4 Re2 53. a4 Rxh2+ 54. Kg3 Rh3+ 55. Kg2 Kg6 56. Rg8+ Kf5 57. Ra8 Rxb3 58. Rxa5 Kf4 59. axb5 Rb2+ 60. Kg1 Kg3 61. Ra3+ Kh4 62. Ra5 Kh3 63. b6 h4 64. Ra3+ g3 65. Ra1 Rxb6 66. Kh1 Rb3 67. Rg1 Rf3 68. Rc1 g2+ 69. Kg1 Kg3 70. Rd1 h3 0-1

[Event "OLNN 2324 SC Königsspringer HH - SK Dop"]
[Site "?"]
[Date "2024.03.17"]
[Round "7.8"]
[White "Cremer, Jochen"]
[Black "Buchholz, Sebastian"]
[Result "1/2-1/2"]
[WhiteElo "2088"]
[BlackElo "2160"]
[PlyCount "94"]
[EventDate "2024.??.??"]

1. c4 e6 2. Nf3 d5 3. b3 c5 4. Bb2 d4 5. e3 Nc6 6. exd4 cxd4 7. Qe2 Nf6 8. Ne5 Nb4 9. d3 Qa5 10. Kd1 Qb6 11. Nd2 Be7 12. g3 O-O 13. Bg2 Rd8 14. Kc1 Qa5 15. Kb1 Qb6 16. f4 a5 17. a3 Nc6 18. Kc2 Nxe5 19. fxe5 Nd7 20. Rhb1 Bg5 21. Nf3 Be3 22. b4 Nb8 23. c5 Qc7 24. Bc1 axb4 25. axb4 Rxa1 26. Rxa1 Nc6 27. Ba3 Bd7 28. Kd1 Ra8 29. Qb2 Nxe5 30. Nxe5 Qxe5 31. b5 Rb8 32. Rb1 Qh5+ 33. Qe2 Qxh2 34. Kc2 Qxg3 35. c6 Rc8 36. Kd1 bxc6 37. b6 c5 38. Qf3 Qb8 39. b7 Rc7 40. Qg3 Ba4+ 41. Ke2 e5 42. Qxe5 Bf4 43. Qxf4 Re7+ 44. Qe4 Rxe4+ 45. Bxe4 Qh2+ 46. Kf1 Qh3+ 47. Kg1 Qg3+ 1/2-1/2

[Event "OLNN 2324 Hamburger SK III - SK Johanneu"]
[Site "?"]
[Date "2024.03.17"]
[Round "7.1"]
[White "Yakovich, Yuri"]
[Black "Gaede, Derek"]
[Result "1/2-1/2"]
[WhiteElo "2517"]
[BlackElo "2270"]
[PlyCount "65"]
[EventDate "2024.??.??"]

1. d4 Nf6 2. c4 e6 3. g3 d5 4. Bg2 Bb4+ 5. Bd2 Be7 6. Nf3 O-O 7. O-O c6 8. Qc2 Nbd7 9. Bf4 Ne4 10. Nc3 f5 11. Rad1 g5 12. Be3 b6 13. Qc1 g4 14. Ne5 Nxc3 15. Qxc3 Nxe5 16. dxe5 Ba6 17. b3 b5 18. cxd5 cxd5 19. Qc6 Qc8 20. Rc1 Rd8 21. Rc2 Bb7 22. Qxc8 Bxc8 23. Rfc1 a5 24. Rc7 Ba3 25. R1c2 Bf8 26. Bd4 a4 27. h3 h5 28. hxg4 hxg4 29. e3 axb3 30. axb3 Bb4 31. Bf1 Rd7 32. Rxd7 Bxd7 33. Ba1 1/2-1/2

[Event "OLNN 2324 Hamburger SK III - SK Johanneu"]
[Site "?"]
[Date "2024.03.17"]
[Round "7.2"]
[White "Holinka, Henning"]
[Black "Wegner, Hannu"]
[Result "1-0"]
[WhiteElo "2183"]
[BlackElo "2363"]
[PlyCount "81"]
[EventDate "2024.??.??"]

1. e4 c5 2. Nf3 g6 3. d4 cxd4 4. Nxd4 Nc6 5. c4 Nf6 6. Nc3 d6 7. Be2 Bg7 8. Be3 O-O 9. O-O Bd7 10. Qd2 Nxd4 11. Bxd4 Bc6 12. f3 a5 13. b3 Nd7 14. Be3 Nc5 15. Rab1 e6 16. a3 a4 17. b4 Nb3 18. Qd3 Qf6 19. Nd1 d5 20. cxd5 exd5 21. b5 Bd7 22. Qxd5 Be6 23. Qxb7 Rfb8 24. Qc7 Rc8 25. Qf4 Qe7 26. b6 Ra5 27. Qg3 Rc2 28. Bd3 Rc8 29. Rf2 Be5 30. f4 Bd6 31. Rc2 Nc5 32. e5 Nxd3 33. b7 Bc5 34. bxc8=Q+ Bxc8 35. Bxc5 Nxc5 36. Ne3 Qa7 37. Kh1 Be6 38. f5 Bb3 39. Rd2 Qb8 40. Qh4 Ra8 41. Ng4 1-0

[Event "OLNN 2324 Hamburger SK III - SK Johanneu"]
[Site "?"]
[Date "2024.03.17"]
[Round "7.3"]
[White "von Gleich, Alexander"]
[Black "Brinkmann, Fabian"]
[Result "1/2-1/2"]
[WhiteElo "2209"]
[BlackElo "2191"]
[PlyCount "50"]
[EventDate "2024.??.??"]

1. Nf3 Nf6 2. c4 e6 3. g3 Be7 4. Bg2 O-O 5. O-O d5 6. d4 dxc4 7. Qc2 a6 8. Qxc4 b5 9. Qc2 Bb7 10. Bg5 Nbd7 11. Bxf6 Nxf6 12. Nbd2 Rc8 13. Nb3 Be4 14. Qc3 Nd7 15. Rfd1 c5 16. dxc5 Qc7 17. Qd4 Bxf3 18. Qxd7 Bxe2 19. Rd2 Bc4 20. Bb7 Rfd8 21. Rad1 Rxd7 22. Rxd7 Bxb3 23. axb3 Qxc5 24. Bxc8 Qxc8 25. Rxe7 g6 1/2-1/2

[Event "OLNN 2324 Hamburger SK III - SK Johanneu"]
[Site "?"]
[Date "2024.03.17"]
[Round "7.4"]
[White "Sehner, Norbert"]
[Black "Keyser, Robin"]
[Result "1/2-1/2"]
[WhiteElo "2312"]
[BlackElo "2149"]
[PlyCount "110"]
[EventDate "2024.??.??"]

1. c4 e6 2. g3 d5 3. Nf3 Nf6 4. Bg2 dxc4 5. Qa4+ Nbd7 6. Qxc4 a6 7. Qc2 c5 8. O-O Be7 9. b3 O-O 10. Bb2 Qc7 11. d4 b6 12. dxc5 Bb7 13. Nbd2 Bxc5 14. Rac1 Rac8 15. Qb1 Qb8 16. b4 Be7 17. a3 Rxc1 18. Rxc1 Rc8 19. Rxc8+ Qxc8 20. Qd3 h6 21. Ne5 Nxe5 22. Bxe5 Qc1+ 23. Nf1 Bxg2 24. Kxg2 Qc6+ 25. f3 Nd7 26. Bb2 b5 27. Qc3 Qxc3 28. Bxc3 Bf6 29. Bxf6 Nxf6 30. e4 Nd7 31. Nd2 Kf8 32. Kf2 Ke7 33. f4 f6 34. Ke3 e5 35. f5 Nb6 36. Kd3 Kd6 37. g4 Kc6 38. h4 Kd6 39. Kc3 Na4+ 40. Kc2 Nb6 41. Kd3 Ke7 42. Nf3 Nc4 43. Kc3 Nb6 44. g5 hxg5 45. hxg5 Na4+ 46. Kb3 Nb6 47. g6 Nc4 48. a4 Kd7 49. a5 Ke7 50. Kc3 Nd6 51. Nd2 Ne8 52. Nb3 Nc7 53. Nc5 Kd6 54. Kd3 Ke7 55. Ke3 Kd6 1/2-1/2

[Event "OLNN 2324 Hamburger SK III - SK Johanneu"]
[Site "?"]
[Date "2024.03.17"]
[Round "7.5"]
[White "Zart, Ruediger"]
[Black "Avdic, Faris"]
[Result "1/2-1/2"]
[WhiteElo "2150"]
[BlackElo "2209"]
[PlyCount "53"]
[EventDate "2024.??.??"]

1. e4 e6 2. d4 d5 3. Nd2 c5 4. exd5 Qxd5 5. Ngf3 cxd4 6. Bc4 Qd7 7. O-O Nc6 8. Nb3 Nf6 9. Nbxd4 Nxd4 10. Qxd4 Qxd4 11. Nxd4 Bc5 12. Nb3 Bb6 13. a4 Bd7 14. Bf4 Rc8 15. Bd3 Nd5 16. Bd6 Rc6 17. Ba3 Nf4 18. a5 Nxd3 19. axb6 Rxb6 20. Rfd1 Nb4 21. Bxb4 Rxb4 22. Rxa7 Bc8 23. Rd4 Rxd4 24. Nxd4 e5 25. Nb5 Kd7 26. Ra8 Kc6 27. Rxc8+ 1/2-1/2

[Event "OLNN 2324 Hamburger SK III - SK Johanneu"]
[Site "?"]
[Date "2024.03.17"]
[Round "7.6"]
[White "Zieher, Hartmut"]
[Black "Schroeder, Christoph"]
[Result "1/2-1/2"]
[WhiteElo "2091"]
[BlackElo "2190"]
[PlyCount "87"]
[EventDate "2024.??.??"]

1. e4 e6 2. d4 d5 3. Nd2 dxe4 4. Nxe4 Nd7 5. Nf3 Ngf6 6. Bd3 c5 7. O-O cxd4 8. Nxd4 Nc5 9. Bb5+ Bd7 10. Nxf6+ gxf6 11. c4 a6 12. Bxd7+ Qxd7 13. Be3 Qc7 14. b4 Nd7 15. c5 Bg7 16. Rc1 O-O 17. Qh5 f5 18. Nf3 Ne5 19. Rfd1 Nxf3+ 20. Qxf3 Be5 21. c6 bxc6 22. Rxc6 Qb7 23. Rdc1 Rfd8 24. a3 Rd7 25. Bg5 Kh8 26. Qe3 Bg7 27. h3 h6 28. Bf4 Qb5 29. Qe1 Rad8 30. R6c5 Qd3 31. Be5 Qxa3 32. Bxg7+ Kxg7 33. Qe5+ Kh7 34. R1c3 Qxb4 35. Rg3 Qd4 36. Rg7+ Kh8 37. Qxd4 Rxd4 38. Rxf7 R4d7 39. Rf6 Re8 40. Rxh6+ Kg7 41. Rh4 Red8 42. Ra4 Rd6 43. Rca5 Ra8 44. f4 1/2-1/2

[Event "OLNN 2324 Hamburger SK III - SK Johanneu"]
[Site "?"]
[Date "2024.03.17"]
[Round "7.7"]
[White "Behrhorst, Frank"]
[Black "Schumacher, Norbert"]
[Result "1-0"]
[WhiteElo "2194"]
[BlackElo "2109"]
[PlyCount "95"]
[EventDate "2024.??.??"]

1. d4 Nf6 2. c4 e6 3. Nc3 Bb4 4. f3 d5 5. a3 Bxc3+ 6. bxc3 O-O 7. cxd5 exd5 8. e3 Bf5 9. Bd3 Bg6 10. Ne2 Re8 11. O-O Nbd7 12. Ng3 c5 13. Rb1 b6 14. Re1 Nf8 15. Bxg6 hxg6 16. e4 Ne6 17. e5 Nh5 18. Nxh5 gxh5 19. f4 cxd4 20. f5 dxc3 21. fxe6 Rxe6 22. Rb4 Rc8 23. Rd4 c2 24. Qxh5 Rc4 25. Rxc4 dxc4 26. Qe2 Qd4+ 27. Qe3 Qd1 28. Qd2 Qg4 29. Qxc2 b5 30. h3 Qh4 31. Qe4 Qd8 32. Bb2 a5 33. Qd4 Qg5 34. Bc3 Rg6 35. Qe4 Qd8 36. Rf1 b4 37. axb4 axb4 38. Ba1 Qd2 39. e6 Rxe6 40. Qxc4 Qe3+ 41. Kh2 b3 42. Rf3 Qe1 43. Qd4 Rg6 44. Rxb3 Kh7 45. Rf3 f6 46. Bc3 Qe2 47. Qf2 Qc4 48. Bd2 1-0

[Event "OLNN 2324 Hamburger SK III - SK Johanneu"]
[Site "?"]
[Date "2024.03.17"]
[Round "7.8"]
[White "Schellhorn, Wolfgang"]
[Black "Wirthgen, Peter"]
[Result "0-1"]
[WhiteElo "2085"]
[BlackElo "2134"]
[PlyCount "58"]
[EventDate "2024.??.??"]

1. e4 c5 2. Nf3 g6 3. d4 cxd4 4. Nxd4 Nc6 5. Be3 Nf6 6. Nc3 Bg7 7. Bc4 O-O 8. f3 Qb6 9. a3 Nxe4 10. Na4 Qa5+ 11. c3 Nxd4 12. fxe4 Nc6 13. Ba2 d6 14. b4 Qe5 15. Qf3 b5 16. Bf4 Qf6 17. Bd5 Bd7 18. e5 Nxe5 19. Bxe5 Qxe5+ 20. Kf2 Bg4 21. Qxg4 Qxd5 22. Nb2 Qd2+ 23. Qe2 Qxe2+ 24. Kxe2 Bxc3 25. Ra2 Bxb2 26. Rxb2 Rfc8 27. Kd3 a5 28. bxa5 Rxa5 29. Rb3 Rca8 0-1

[Event "OLNN 2324 SK Norderstedt - Schachfreunde"]
[Site "?"]
[Date "2024.03.17"]
[Round "7.1"]
[White "Nedic, Dusan"]
[Black "Ostrovskiy, Andrey"]
[Result "1/2-1/2"]
[WhiteElo "2337"]
[BlackElo "2420"]
[PlyCount "47"]
[EventDate "2024.??.??"]

1. d4 Nf6 2. c4 e6 3. g3 d5 4. Nf3 Be7 5. Bg2 O-O 6. O-O c6 7. Qc2 b6 8. Rd1 Nbd7 9. Nc3 Ba6 10. e4 Bxc4 11. e5 Ne8 12. h4 h6 13. Bf4 c5 14. Qd2 Rc8 15. Bh3 Nc7 16. Kh2 Qe8 17. Qe3 b5 18. b3 b4 19. bxc4 bxc3 20. Qxc3 Nb6 21. cxd5 Ncxd5 22. Qd2 cxd4 23. Nxd4 Nc4 24. Qe2 {(=)} 1/2-1/2

[Event "OLNN 2324 SK Norderstedt - Schachfreunde"]
[Site "?"]
[Date "2024.03.17"]
[Round "7.2"]
[White "Trent, Lawrence"]
[Black "Ritscher, Jan-Paul"]
[Result "1-0"]
[WhiteElo "2415"]
[BlackElo "2250"]
[PlyCount "64"]
[EventDate "2024.??.??"]

1. Nc3 d5 2. d4 f5 3. Bf4 c6 4. e3 Nf6 5. Bd3 e6 6. Nf3 Bd6 7. O-O Qc7 8. Ne2 Nbd7 9. c4 O-O 10. cxd5 cxd5 11. Bxd6 Qxd6 12. Rc1 Ne8 13. Qb3 Ndf6 14. Rc2 Rf7 15. Rfc1 Rc7 16. Rxc7 Nxc7 17. Ne5 a6 18. h3 Nce8 19. a4 Rb8 20. a5 Bd7 21. Rc2 b6 22. Qa2 g5 23. axb6 Rxb6 24. Qa5 Bb5 25. Bxb5 Rxb5 26. Qa1 Rb6 27. Nc1 Nd7 28. Rc8 Rb8 29. Rc6 Qe7 30. Qxa6 Nxe5 31. dxe5 Qb4 32. Nd3 Ng7 1-0

[Event "OLNN 2324 SK Norderstedt - Schachfreunde"]
[Site "?"]
[Date "2024.03.17"]
[Round "7.3"]
[White "Bokelbrink, Uwe"]
[Black "Kopylov, Michael"]
[Result "0-1"]
[WhiteElo "2230"]
[BlackElo "2352"]
[PlyCount "84"]
[EventDate "2024.??.??"]

1. e4 c5 2. Nf3 e6 3. b3 d6 4. Bb5+ Nd7 5. O-O Ngf6 6. Re1 Be7 7. c3 a6 8. Bf1 b5 9. d4 cxd4 10. cxd4 Bb7 11. Nbd2 O-O 12. Bb2 Rc8 13. Bd3 Qc7 14. Nf1 Nh5 15. Qd2 e5 16. Rad1 g6 17. Bb1 Rfe8 18. dxe5 Nxe5 19. Nd4 Nf6 20. Ng3 Bf8 21. Qg5 h6 22. Qd2 d5 23. f4 Nc6 24. Nxc6 Qxc6 25. e5 Bc5+ 26. Bd4 Qb6 27. Qb2 h5 28. h3 h4 29. Ne2 Ne4 30. Kh2 b4 31. Ng1 Nc3 32. Bxc5 Qxc5 33. Rd3 d4 34. Rd2 Red8 35. Bd3 Nd5 36. Rf2 Ne3 37. Nf3 Bxf3 38. Rxf3 Qd5 39. Qf2 Rc3 40. Bb1 Rdc8 41. Qxh4 Nxg2 42. Rxc3 bxc3 0-1

[Event "OLNN 2324 SK Norderstedt - Schachfreunde"]
[Site "?"]
[Date "2024.03.17"]
[Round "7.4"]
[White "Petrosian, Suren"]
[Black "Gremmel, Jonas Simon"]
[Result "1-0"]
[WhiteElo "2318"]
[BlackElo "2113"]
[PlyCount "101"]
[EventDate "2024.??.??"]

1. e4 c6 2. d4 d5 3. exd5 cxd5 4. Bd3 Nc6 5. c3 Nf6 6. Bf4 g6 7. Nf3 Bg7 8. O-O O-O 9. Re1 Qb6 10. Qc2 Nh5 11. Be3 Qc7 12. Qd2 Bg4 13. Be2 Rad8 14. h3 Bc8 15. Bd3 f5 16. Bh6 f4 17. Bxg7 Nxg7 18. Qe2 Bf5 19. Nbd2 Rde8 20. Nb3 Bxd3 21. Qxd3 b6 22. Re2 Rf5 23. Rae1 e6 24. Qb5 Ref8 25. Nc1 g5 26. Nd3 h5 27. Rxe6 Nxe6 28. Rxe6 Ne7 29. Nde5 g4 30. hxg4 hxg4 31. Nxg4 Kg7 32. Qe2 Ng8 33. Nh6 R5f6 34. Nxg8 Kxg8 35. Re7 Qc8 36. Nh4 f3 37. Qd3 R8f7 38. Rxf7 Rxf7 39. Nxf3 Rg7 40. Ne5 Qe6 41. g4 Qh6 42. Qf3 Qc1+ 43. Kg2 Qxb2 44. Qxd5+ Kh8 45. Nf7+ Rxf7 46. Qxf7 Qxc3 47. Qf6+ Kg8 48. g5 Qc8 49. g6 Qg4+ 50. Kh2 Qh5+ 51. Kg3 1-0

[Event "OLNN 2324 SK Norderstedt - Schachfreunde"]
[Site "?"]
[Date "2024.03.17"]
[Round "7.5"]
[White "Zimmermann, Martin"]
[Black "Hovhannisyan, Artur"]
[Result "0-1"]
[WhiteElo "2134"]
[BlackElo "2214"]
[PlyCount "74"]
[EventDate "2024.??.??"]

1. d4 Nf6 2. Nf3 e6 3. g3 b5 4. Bg2 Bb7 5. O-O Be7 6. b3 O-O 7. Bb2 c5 8. e3 Qc7 9. dxc5 Na6 10. Na3 Qxc5 11. c4 b4 12. Nb5 Qb6 13. Qd4 Nc5 14. Rfd1 d5 15. Qf4 a6 16. Nbd4 dxc4 17. bxc4 Na4 18. Rd2 Rac8 19. Bf1 Ne4 20. Rc2 Bf6 21. Rac1 Nxb2 22. Rxb2 Qa5 23. Qg4 h5 24. Qh3 g6 25. g4 Ng5 26. Nxg5 Qxg5 27. f4 Qc5 28. Rd2 Rfd8 29. Rcd1 hxg4 30. Qxg4 e5 31. fxe5 Qxe5 32. Qf4 Qe7 33. Qg3 Re8 34. Nf5 Qc5 35. Nh6+ Kg7 36. Ng4 Bg5 37. Rd4 Qe7 {(Zeit)} 0-1

[Event "OLNN 2324 SK Norderstedt - Schachfreunde"]
[Site "?"]
[Date "2024.03.17"]
[Round "7.6"]
[White "Zierke, Oliver"]
[Black "Kull, Florian"]
[Result "1/2-1/2"]
[WhiteElo "2185"]
[BlackElo "2117"]
[PlyCount "56"]
[EventDate "2024.??.??"]

1. d4 Nf6 2. Nf3 e6 3. Bg5 h6 4. Bxf6 Qxf6 5. e4 d5 6. e5 Qd8 7. Be2 c5 8. c3 Nc6 9. O-O Qb6 10. Na3 Bd7 11. Rb1 Rc8 12. Nc2 cxd4 13. cxd4 Nb4 14. Nxb4 Bxb4 15. Qb3 O-O 16. Rfc1 Ba5 17. Qa3 Qb4 18. Qxb4 Bxb4 19. Kf1 Ba4 20. Bd3 Ba5 21. Ke2 g5 22. h4 gxh4 23. Rxc8 Rxc8 24. Rh1 Bc2 25. Rxh4 Kg7 26. Rg4+ Kf8 27. Rh4 Kg7 28. Rg4+ Kf8 1/2-1/2